00657 2200253 4500001002100000005001500021035002000036007000300056008004100059020002200100082001000122084001600132100001100148245005100159250001000210260003400220300003500254650003700289700002000326504002600346990001100372990001100383990000900394INLIS00000000000384620220602121031 a0010-0719000264ta220602 g 0 ind  a978-602-9186-78-9 a745.5 a745.5 YOH a0 aYOHANA1 aAnimals Felt /cYohana; editor, Berliyandi T.R acet.1 aSurabaya :bTiara Aksa,c2013 a96 hlm. :bilus. ;c17 x 21 cm 4aKERAJINAN KAIN. KERAJINAN TANGAN0 aBERLIYANDI, T.R aBibliografi : hlm. 96 a6038 a a6038 b a5215